Návrh opatrení na zlepšenie systému získavania a výberu zamestnancov v Trans-Motocentrum, s.r.o., Boleráz

Na minha lista:
Detalhes bibliográficos
Autor principal: Holásková, Martina, 1972- (Author)
Outros Autores: Urbanovičová rod.Holkovičová, Kristína (Thesis advisor)
Formato: Manuscrito Livro
Idioma:eslovaco
Publicado em: STU v Bratislave MTF UIPH, 2010
Assuntos:
Acesso em linha:VAIS
Tags: Adicionar Tag
Sem tags, seja o primeiro a adicionar uma tag!

MARC

LEADER 00000ntm a22000003a 4500
001 stu207213
005 20160719160209.4
008 100710s2010------------------------slo-d
040 |a STU  |b slo 
041 0 |a slo 
100 1 |a Holásková, Martina,  |d 1972-  |4 aut  |X 51699  |7 A000051699 
242 0 0 |a The Proposal of arrangements for improving the system to attract and broaden the field of prospective employees in Trans-Motocentrum, s.r.o., Boleráz  |y eng 
245 1 |a Návrh opatrení na zlepšenie systému získavania a výberu zamestnancov v Trans-Motocentrum, s.r.o., Boleráz 
260 |b STU v Bratislave MTF UIPH,  |c 2010 
650 7 |a získavanie zamestnancov  |2 stusub 
650 7 |a výber zamestnancov  |2 stusub 
700 1 |a Urbanovičová rod.Holkovičová, Kristína  |4 ths  |u M190  |U MTF Materiálovotechnologická fakulta  |T MTF Katedra priemyselného inžinierstva a manažmentu  |X 14922  |U M190  |Y 167  |7 A000014922 
856 4 |a info a plný text  |u http://is.stuba.sk/zp/portal_zp.pl?podrobnosti=52118  |3 VAIS 
996 |c M*BP-4808  |l MMSKP  |s P  |a 0  |w stu207213_0001